000
00218 a2200097 4500
001
18257
100
_a
Bogoliubor, N N
245
_a
Lectures on Quantum Statics
260
_a
_b
Macdonald & Co
_c
090
_c
13551
_d
13551
942
_a
NUST-CAE
_c
M
_c
3949
999
_c
253330
_d
253330